000 00578nam a2200229Ia 4500
003 OSt
005 20220928135256.0
006 a|||||r|||| 00| 0
007 ta
008 220927b |||||||| |||| 00| 0 eng d
024 _a916
037 _cTextual
040 _aSDCL
_cSDCL
_beng
041 _2eng
_aeng
082 _aX:15, L8
100 _aBurton Robert H
_9489557
245 0 _aPersonal finance
260 _c1978
700 _a Petrello George J
_9489558
942 _hX:15, L8
_cTEXL
_2CC
999 _c804839
_d804839